| 000 | 00436nam a2200157 i 4500 | ||
|---|---|---|---|
| 001 | 59434 | ||
| 003 | ES-MaACL | ||
| 005 | 20230906164030.0 | ||
| 007 | t| | ||
| 008 | 031029s1969 sp ||||1| spa d | ||
| 100 | 1 |
_aEiroa, Jorge Juan. _946843 |
|
| 245 | 1 | 3 |
_aEl enaciado / _cJorge Juan Eiroa. |
| 260 |
_aZaragoza : _bDelegación de Cultura y Formación, _c1969. |
||
| 300 |
_a54 p. ; _c21 cm. |
||
| 852 |
_aES-MaACL _j2066-F-20 _bR.69744 |
||
| 999 |
_c59434 _d59434 |
||